Land vs. Land #1 - Statistiken

Allgemein
  • Dieses Quiz wurde 120 mal gespielt
  • Das Durchschnittsergebnis liegt bei 10 aus 14
Antwortstatistiken
Frage Antwort % Korrekt
...Frieden? Finnland🇫🇮
98%
...Einwohner? Südkorea🇰🇷
96%
...Fläche? Finnland🇫🇮
95%
...Exportmengen? Südkorea🇰🇷
94%
...Happy Planet Index? Finnland🇫🇮
92%
...Bruttoinlandsprodukt? Südkorea🇰🇷
91%
...Militär? Südkorea🇰🇷
91%
...durchschnittlicher IQ? Südkorea🇰🇷
75%
...HDI (Human Development Index)? Finnland🇫🇮
68%
...Gewinner? Südkorea🇰🇷
68%
...Bruttoinlandsprodukt pro Kopf? Finnland🇫🇮
57%
...Beschäftigungsquote? Finnland🇫🇮
54%
...Lebenserwartung? Südkorea🇰🇷
43%
...Gesundheitswesen? Südkorea🇰🇷
23%
Keine übereinstimmenden Quizze gefunden
Verteilung der Resultate
Anzahl Personen mit jedem Resultat
Perzentil nach korrekt beantworteten Fragen
Ihre Resultats-Entwicklung
Sie haben dieses Quiz noch nicht gespielt